[Event "Bad Woerishofen op"]
[Site "Bad Woerishofen"]
[Date "2001.??.??"]
[Round "4"]
[White "Bjarnason, Oskar"]
[Black "Kniest, Oliver"]
[Result "0-1"]
[WhiteElo "2163"]
[BlackElo "2306"]
[Annotator "ChessOrg"]
[PlyCount "130"]
[EventDate "1998.03.05"]
[Source "ChessBase"]
[SourceDate "1998.04.29"]

1. e4 {C02: Franzoesische Verteidigung (Vorstossvariante)} 1... e6 2. d4 d5 3.
e5 c5 4. c3 Nc6 5. Nf3 Bd7 6. Be2 f6 7. O-O cxd4 8. cxd4 fxe5 9. Nxe5 {
letzter Buchzug.} 9... Nxe5 10. dxe5 Bc5 11. Bh5+ g6 12. Bg4 Rc8 13. Nd2 h5 14.
Be2 Nh6 15. Nf3 Nf7 16. Bd3 Rg8 17. Be3 Bxe3 18. fxe3 Qc7 (18... g5 19. Nd4 g4
20. Bb5 Bxb5 21. Nxb5 $11) 19. e4 (19. Rc1 $5 19... Qxc1 20. Qxc1 Rxc1 21. Rxc1
$11) 19... Qb6+ 20. Kh1 d4 21. h4 Ke7 22. Qd2 Rcf8 23. Qf4 (23. Bc4 g5 24. hxg5
24... Rd8 $14) 23... Ke8 $11 (23... Qxb2 $143 24. Rab1 Qxa2 25. Rxb7 $14) 24.
Ng5 Nh6 25. Qg3 Rxf1+ 26. Rxf1 Kd8 27. Nh7 27... Kc8 $2 (27... Ng4 $5 $11 $142)
28. Nf6 $16 28... Rg7 (28... Rd8 29. Qxg6 Ng4 30. Nxd7 Kxd7 31. Qxh5 Nxe5 32.
Qxe5 $18) 29. Rc1+ (29. Qg5 $5 29... Ng4 30. Nxh5 gxh5 31. Qxg7 31... Qc5 $18)
29... Bc6 $16 30. Ne8 (30. Nxh5 $5 $142 30... Re7 31. Qxg6 $18) 30... Qxb2 31.
Rb1 Qxb1+ 32. Bxb1 Bxe8 33. Qa3 Rf7 34. Kg1 (34. Bd3 $5 $142 34... Ng4 35. Bc4
$16) 34... Ng4 $14 35. Qxa7 Rc7 36. Qa8+ Kd7 37. Qa3 (37. Bd3 37... Ke7 $16)
37... Nxe5 (37... Rc3 38. Qb2 Kc7 39. Kf1 Nxe5 40. Qb4 $11) 38. g3 (38. Bd3 $5
$16) 38... Rc3 39. Qa4+ (39. Qa7 Kc7 (39... Rxg3+ $4 40. Kf2 Rf3+ 41. Kg2 $18)
40. Qa5+ Kd6 41. Qb6+ 41... Nc6 $14) 39... Nc6 40. Kg2 Kc7 41. Qb5 Bf7 42. Qf1
Be8 43. Qb5 (43. Qf8 43... Bd7 $11) 43... e5 44. Qd5 Bd7 45. Qf7 Rc5 46. Bd3 b5
47. a3 Na5 48. Qxg6 Bg4 49. Qf7+ Kb6 50. Qf8 Nc6 51. Kf2 Rc3 52. Bf1 d3 (52...
Rb3 $11 $142) 53. Ke3 $4 (53. Qd6 $142 53... Rc4 54. Qxd3 $16 (54. Bxd3 $2
54... Rd4 55. Qf8 55... Rxd3 $19)) 53... d2+ $1 $19 54. Kxd2 Rf3 55. Qh6 Rxf1
56. Qe3+ Nd4 57. Qh6+ Kc5 58. Qh8 (58. Qg7 Kc4 59. Qc7+ Kb3 60. Qc5 $19) 58...
Kc4 59. Qg8+ Be6 60. Qb8 (60. Qa8 $19) 60... Rf2+ 61. Ke1 (61. Kc1 Kb3 62. Qb6
Rc2+ 63. Kd1 Bg4+ 64. Ke1 Nf3+ 65. Kd1 Nh2+ 66. Ke1 Re2+ 67. Kd1 Rxe4+ 68. Kd2
Nf1+ 69. Kd3 Bf5 70. Qxb5+ Rb4+ 71. Ke2 Nxg3+ 72. Kf3 Rxb5 73. Kxg3 73... Kxa3
$19) 61... Re2+ 62. Kd1 Kd3 63. a4 (63. Qd6 Bb3+ 64. Kc1 Rc2+ 65. Kb1 Ba2+ 66.
Ka1 $19) 63... Rd2+ 64. Kc1 Ne2+ 65. Kb1 Nc3+ (65... Nc3+ 66. Kc1 Rc2#) 0-1

[Event "Bad Woerishofen op"]
[Site "Bad Woerishofen"]
[Date "2001.??.??"]
[Round "6"]
[White "Bjarnason, Oskar"]
[Black "Belic, Robert"]
[Result "1-0"]
[WhiteElo "2163"]
[BlackElo "1932"]
[Annotator "ChessOrg"]
[PlyCount "41"]
[EventDate "1998.03.05"]
[Source "ChessBase"]
[SourceDate "1998.04.29"]

1. Nc3 {B07: Pirc-Ufimzew-Verteidigung} 1... Nf6 2. e4 d6 3. d4 g6 4. Be3 Bg7
5. Qd2 5... h6 {letzter Buchzug} 6. h3 Nc6 7. Nf3 (7. O-O-O $14 $142) 7... O-O
$2 (7... d5 $142 8. exd5 8... Nb4 $14) 8. Bxh6 $18 8... Nb4 (8... e5 9. Bxg7
Kxg7 10. O-O-O exd4 11. Nxd4 $18) 9. O-O-O (9. Bxg7 Kxg7 10. a3 10... Nc6 $18)
9... c5 (9... d5 10. Bxg7 10... Kxg7 $16) 10. Bxg7 Kxg7 11. dxc5 Be6 12. a3 Qa5
(12... Na2+ 13. Nxa2 Bxa2 14. b3 $18) 13. cxd6 (13. axb4 $6 13... Qa1+ 14. Nb1
14... Ba2 $18) 13... Rfc8 (13... Nc6 14. dxe7 Nxe7 15. Nd4 $18) 14. Kb1 (14.
Qg5 Qxg5+ 15. Nxg5 15... Nc6 $18) 14... Nc6 15. Nd4 (15. dxe7 $5 $142 15...
Nxe7 16. Bd3 16... Rd8 $18) 15... Nxd4 16. Qxd4 16... Rc6 $2 (16... Rxc3 17.
bxc3 17... Qxa3 $18) 17. e5 Nd7 (17... Ng8 18. h4 $18) 18. Bb5 Rac8 (18... Rxc3
19. Bxd7 (19. bxc3 $6 19... Qxb5+ 20. Ka1 20... Nb6 $16) (19. Qxc3 $6 19...
Qxb5 20. Rhe1 20... Re8 $18) 19... Rc4 20. Qd3 $18) 19. Bxc6 bxc6 20. dxe7 Rb8
21. Qd6 (21. Qd6 Qb6 22. Na4 $18) 1-0

[Event "Bad Woerishofen op"]
[Site "Bad Woerishofen"]
[Date "2001.??.??"]
[Round "8"]
[White "Bjarnason, Oskar"]
[Black "Dittler, Volkfried"]
[Result "1-0"]
[WhiteElo "2163"]
[BlackElo "1900"]
[Annotator "ChessOrg"]
[PlyCount "13"]
[EventDate "1998.03.05"]
[Source "ChessBase"]
[SourceDate "1998.04.29"]

1. Nc3 {A00: Unregelmaessige Eroeffnungen} 1... e5 2. Nf3 d6 3. e4 3... Bg4 {
letzter Buchzug} 4. Bc4 Bh5 5. Nxe5 5... Bxd1 $4 (5... Qg5 6. d4 Qxg2 7. Qxh5
Qxh1+ 8. Ke2 Ne7 9. Nxf7 g6 10. Qb5+ Nbc6 11. Nxh8 O-O-O 12. Be6+ 12... Kb8 $18
) 6. Bxf7+ Ke7 7. Nd5# 1-0

[Event "Bad Woerishofen op"]
[Site "Bad Woerishofen"]
[Date "2001.??.??"]
[Round "2"]
[White "Boehm, Roland"]
[Black "Thurner, Michael"]
[Result "1-0"]
[WhiteElo "1879"]
[BlackElo "1495"]
[Annotator "ChessOrg"]
[PlyCount "41"]
[EventDate "1998.03.05"]
[Source "ChessBase"]
[SourceDate "1998.04.29"]

1. d4 {D63: Damengambit (Hauptvariante mit 7.Tc1)} 1... e6 2. c4 d5 3. Nc3 Nf6
4. Nf3 Be7 5. Bg5 O-O 6. e3 Nbd7 7. Rc1 7... Ne4 {letzter Buchzug} 8. Bxe7 Qxe7
9. cxd5 Nxc3 10. bxc3 (10. Rxc3 $5 10... Nf6 11. dxe6 Bxe6 12. Qa4 $16) 10...
exd5 $14 11. Bd3 (11. c4 11... Nf6 $14) 11... Nf6 12. Ne5 Re8 13. O-O c5 14.
Qe2 c4 15. Bb1 b5 16. f4 a5 17. Rce1 (17. e4 17... Bb7 $15) 17... Ba6 18. g4 b4
19. f5 (19. g5 19... Nd7 $15) 19... Nd7 (19... h6 20. e4 $17) 20. f6 (20. Nxd7
Qxd7 21. f6 21... g6 $15) 20... Qe6 $4 (20... Nxf6 21. g5 Ne4 22. Bxe4 22...
dxe4 $11) 21. Bf5 $16 (21. Bf5 Qd6 22. Nxd7 $18 (22. Bxd7 $6 22... Rxe5 23.
dxe5 23... Qxd7 $16)) 1-0

[Event "Bad Woerishofen op"]
[Site "Bad Woerishofen"]
[Date "2001.??.??"]
[Round "4"]
[White "Boehm, Roland"]
[Black "Friedrich, Wolfgang"]
[Result "1/2-1/2"]
[WhiteElo "1879"]
[BlackElo "2095"]
[Annotator "ChessOrg"]
[PlyCount "87"]
[EventDate "1998.03.05"]
[Source "ChessBase"]
[SourceDate "1998.04.29"]

1. d4 {A91: Hollaendische Verteidigung (Klassisches System, Abweichungen)} 1...
e6 2. c4 f5 3. g3 Nf6 4. Bg2 d5 5. Nh3 c6 6. Qc2 Be7 7. O-O O-O 8. Nd2 Bd7 9.
Nf3 9... Na6 {letzter Buchzug} 10. Bf4 Ne4 (10... c5 11. dxc5 Nxc5 12. Ne5 $11)
11. Be5 (11. Ne5 11... c5 $14) 11... Be8 (11... dxc4 12. Qxc4 g5 13. Rad1 $15)
12. Ne1 Nb4 13. Qd1 dxc4 14. Nf4 Qd7 15. a3 Nd5 16. Qc2 g5 17. Nh3 b5 18. Bxe4
fxe4 19. Qxe4 Bg6 20. Qg2 c3 21. bxc3 Nxc3 22. f3 c5 23. e4 (23. e3 $5 $15)
23... cxd4 $17 24. Qd2 h6 25. Kg2 Rad8 26. Nf2 Kh7 27. Ned3 a5 28. h4 Qb7 29.
hxg5 Bxg5 30. Bf4 Qf7 (30... Qe7 $5 $17) 31. Ng4 $15 31... Bxf4 32. Nxf4 Nxe4
33. fxe4 Bxe4+ 34. Kg1 Qg7 (34... Qg8 35. Qe1 Qxg4 36. Qxe4+ Rf5 37. Qd3 $11)
35. Qe2 $11 (35. Nxe6 $143 35... Qxg4 36. Nxf8+ 36... Rxf8 $17) 35... Bf5 36.
Nxe6 36... d3 $4 (36... Bxe6 37. Qxe6 Rde8 38. Qxh6+ Qxh6 39. Nxh6 39... Kxh6
$17) 37. Nxf8+ $18 (37. Nxg7 dxe2 38. Nxf5 38... Rxf5 $15) 37... Rxf8 38. Qf3
Rf7 39. Ne3 Qd4 40. Kh2 $4 (40. Qf4 $142 40... Qa7 41. Qe5 $18) 40... Be6 $11
41. Qxf7+ Bxf7 42. Rxf7+ Kg8 43. Raf1 Qxe3 44. Rf8+ 1/2-1/2

[Event "Bad Woerishofen op"]
[Site "Bad Woerishofen"]
[Date "2001.??.??"]
[Round "6"]
[White "Boehm, Roland"]
[Black "Krajewski, Wolfgang"]
[Result "0-1"]
[WhiteElo "1879"]
[BlackElo "2199"]
[Annotator "ChessOrg"]
[PlyCount "80"]
[EventDate "1998.03.05"]
[Source "ChessBase"]
[SourceDate "1998.04.29"]

1. d4 {A40: Verschiedene (seltene) Antworten auf 1.d4} 1... e5 2. dxe5 Nc6 3.
Nf3 Qe7 4. Nc3 Nxe5 5. Nxe5 {letzter Buchzug} 5... Qxe5 6. g3 Bb4 7. Bd2 c6 8.
Bg2 d5 9. O-O Nf6 10. e4 dxe4 11. Re1 O-O (11... Bg4 12. Qc1 O-O-O 13. Nxe4
Bxd2 14. Nxd2 $11) 12. a3 (12. Bxe4 Nxe4 13. Rxe4 13... Qa5 $14) 12... Bg4 13.
Qc1 Ba5 (13... Bxc3 14. Bxc3 Qf5 15. Bxf6 Qxf6 16. Rxe4 $11) 14. b4 (14. Nxe4
Bxd2 15. Nxd2 15... Qc7 $11) 14... Bb6 15. Nxe4 Qf5 16. Nxf6+ Qxf6 17. Be3 h6 (
17... Rfe8 18. Bxb6 Rxe1+ 19. Qxe1 axb6 20. c4 $11) 18. c4 (18. Bxb6 axb6 19.
Qe3 19... b5 $11) 18... Rfd8 19. b5 (19. Bxb6 $142 19... axb6 20. Qe3 $11)
19... Ba5 $19 20. h3 (20. bxc6 bxc6 (20... Bxe1 21. cxb7 Bxf2+ 22. Bxf2 $14)
21. Rf1 21... Be2 $17) 20... Bh5 (20... Bxe1 21. Qxe1 Bf3 22. Bxf3 Qxf3 23.
bxc6 bxc6 24. Qf1 $19) 21. g4 Bxe1 22. Qxe1 Bg6 23. Rd1 Qe6 24. bxc6 bxc6 25.
Rxd8+ Rxd8 26. Qc1 a6 27. Bb6 Rd7 28. Qe3 (28. Qf4 Rd1+ 29. Kh2 29... Qe1 $19)
28... Rd1+ 29. Kh2 Qxe3 (29... Qxc4 $5 30. Qe8+ Kh7 31. Be3 $19) 30. Bxe3 Bd3
31. Bxc6 Bxc4 32. a4 Bd5 33. Bxd5 Rxd5 34. Bb6 Kf8 35. Kg3 Ke7 36. Kf4 Ke6 37.
Ke4 (37. h4 g5+ 38. hxg5 hxg5+ 39. Ke4 f5+ 40. gxf5+ 40... Rxf5 $19) 37... g6
38. h4 h5 39. gxh5 (39. f3 $19) 39... Rxh5 40. Bd8 f6 (40... f6 41. a5 Rxh4+
42. Kd3 42... Rh8 $19) 0-1

[Event "Bad Woerishofen op"]
[Site "Bad Woerishofen"]
[Date "2001.??.??"]
[Round "8"]
[White "Boehm, Roland"]
[Black "Schmitzer, Peter"]
[Result "1-0"]
[WhiteElo "1879"]
[BlackElo "2118"]
[Annotator "ChessOrg"]
[PlyCount "125"]
[EventDate "1998.03.05"]
[Source "ChessBase"]
[SourceDate "1998.04.29"]

1. d4 {E73: Koenigsindisch (Awerbach-Angriff)} 1... g6 2. c4 Bg7 3. Nc3 d6 4.
e4 Nf6 5. Be2 Nc6 6. d5 {letzter Buchzug} 6... Ne5 7. Nf3 Nxf3+ 8. Bxf3 O-O 9.
O-O h5 10. Be3 Bg4 11. Bxg4 Nxg4 12. Bg5 Ne5 13. Qe2 Rc8 14. Rad1 c5 15. f4 Ng4
16. e5 f6 17. Bh4 dxe5 (17... fxe5 $5 18. Bg5 18... Kh7 $11) 18. h3 $14 18...
Nh6 19. fxe5 Nf5 20. Rxf5 gxf5 21. d6 (21. Qxh5 Qe8 22. Qxf5 fxe5 23. Qe6+ Qf7
24. Bxe7 Qxe6 25. dxe6 25... Rf4 $16) 21... exd6 (21... fxe5 $4 22. Nd5 (22.
Qxh5 $6 22... Qe8 23. Qxe8 23... Rcxe8 $16) 22... Qxd6 23. Nxe7+ Qxe7 24. Bxe7
$18) 22. exf6 (22. Qxh5 Qe8 23. Qxe8 Rfxe8 24. exf6 24... Bf8 $14) 22... Bxf6
$14 23. Qe6+ Kg7 24. Rxd6 Rc6 25. Rd7+ (25. Rxd8 $143 25... Rxe6 26. Bxf6+
26... Rfxf6 $19) 25... Kg6 26. Rxd8 Rxe6 27. Rxf8 Bxh4 28. g3 Kg7 29. Rxf5 Bxg3
30. Rxh5 Be5 31. Kg2 (31. Rf5 Kg6 32. Rf3 32... Rd6 $14) 31... b6 (31... Kg6
32. Rh4 Bxc3 33. bxc3 $11) 32. Kf3 $14 32... Kg6 33. Rh4 Bxc3 34. bxc3 Re1 35.
Rg4+ Kf6 36. Rf4+ Ke5 37. Rh4 Rc1 38. Re4+ Kd6 39. Re3 Rc2 40. h4 Rxa2 41. Kg4
Ra1 42. h5 Rg1+ 43. Kf4 Rf1+ 44. Kg5 Rg1+ 45. Kf6 Rg4 (45... Rf1+ $142 46. Kg5
46... Rh1 $11) 46. Rd3+ $18 46... Kc6 47. h6 (47. Rh3 Rf4+ 48. Ke6 48... Rf1
$16) 47... Rxc4 (47... Rh4 48. Kg6 48... Rxc4 $18) 48. Rh3 $18 48... Rf4+ 49.
Ke6 Re4+ 50. Kf6 (50. Kf5 Re8 51. h7 $18) 50... Re8 $4 (50... Rf4+ 51. Ke5
51... Rf8 $18) 51. Kf7 Rd8 52. h7 Kb5 53. h8=Q Rxh8 54. Rxh8 Kc4 55. Ke6 a5 (
55... Kxc3 56. Kd5 $18) 56. Kd6 (56. Rh4+ Kb3 57. c4 57... Kb4 $18) 56... a4 (
56... Kxc3 57. Rh4 57... c4 $18) 57. Kc6 (57. Ra8 $18 $142) 57... Kxc3 $11 58.
Kxb6 58... c4 $4 (58... a3 59. Rh2 Kb3 60. Rh3+ Kb2 61. Kxc5 $11) 59. Kb5 (59.
Kc5 a3 60. Ra8 $11) 59... a3 $11 60. Rh3+ Kb2 61. Kxc4 a2 62. Rh2+ 62... Kb1 $4
(62... Ka3 $142 63. Rh1 63... Kb2 $11) 63. Kc3 (63. Kc3 a1=Q+ 64. Kb3 $19) (63.
Kb3 Kc1 64. Rxa2 Kd1 65. Kc3 Ke1 66. Kd3 Kf1 67. Ke3 Kg1 68. Kf3 Kh1 69. Kg3
Kg1 70. Ra1#) 1-0

[Event "Bad Woerishofen op"]
[Site "Bad Woerishofen"]
[Date "2001.??.??"]
[Round "2"]
[White "Bonani, Georg"]
[Black "Huhn, Ulrich"]
[Result "1/2-1/2"]
[WhiteElo "1794"]
[BlackElo "2048"]
[Annotator "ChessOrg"]
[PlyCount "106"]
[EventDate "1998.03.05"]
[Source "ChessBase"]
[SourceDate "1998.04.29"]

1. e4 {B01: Skandinavische Verteidigung} 1... d5 2. exd5 Nf6 3. d4 Nxd5 4. Nf3
Bg4 5. Be2 5... c6 {letzter Buchzug} 6. O-O e6 7. a4 Nd7 8. Nbd2 Be7 9. Ne4
N5f6 10. Ng3 O-O 11. Re1 Bd6 12. c3 Qc7 13. Ng5 Bxe2 14. Qxe2 h6 15. Nf3 a5 16.
Nf1 Rfe8 17. g3 e5 18. dxe5 Nxe5 19. Ne3 Neg4 20. Qd1 Rad8 21. Qc2 Nxe3 (21...
Bc5 22. Nxg4 Nxg4 23. Bf4 $17) 22. Bxe3 Ng4 23. Bd2 (23. Rad1 Nxe3 24. Rxe3
Rxe3 25. fxe3 25... Qe7 $17) 23... Bc5 24. Rxe8+ Rxe8 25. Be1 Qe7 26. h3 Nf6
27. Nd4 Bxd4 28. cxd4 Qd8 29. Bc3 Qd5 30. Qd3 Nh7 31. Bd2 Nf8 32. Re1 (32. Qc3
32... Re2 $15) 32... Rxe1+ $17 33. Bxe1 Nd7 (33... Ne6 $5 $15) 34. Qe3 $11
34... b6 35. f3 Qe6 36. Qxe6 fxe6 37. b4 axb4 38. Bxb4 Kf7 39. f4 h5 40. Kf2
Nf6 41. Kf3 Nd5 42. Bd2 g6 (42... Ke7 43. a5 bxa5 44. Bxa5 $14) 43. g4 hxg4+
44. hxg4 Ke7 45. g5 Kd7 46. Ke4 Kd6 47. Kd3 (47. a5 bxa5 48. Bxa5 48... Ke7 $16
) 47... Kc7 (47... Ke7 48. Ke2 $11) 48. Ke4 (48. a5 48... Kb7 $14) 48... Kd6
49. Kd3 (49. a5 bxa5 50. Bxa5 50... Ke7 $16) 49... Ne7 50. Bb4+ Kd7 51. Ke4 Nd5
52. Ba3 Nc3+ 53. Ke5 Nd5 (53... Nxa4 54. Kf6 Nc3 55. Kxg6 $11) 1/2-1/2

[Event "Bad Woerishofen op"]
[Site "Bad Woerishofen"]
[Date "2001.??.??"]
[Round "4"]
[White "Bonani, Georg"]
[Black "Schuster, Gerhard"]
[Result "1/2-1/2"]
[WhiteElo "1794"]
[BlackElo "2154"]
[Annotator "ChessOrg"]
[PlyCount "126"]
[EventDate "1998.03.05"]
[Source "ChessBase"]
[SourceDate "1998.04.29"]

1. e4 {B16: Caro-Kann (Nimzowitsch-Variante)} 1... c6 2. d4 d5 3. Nd2 dxe4 4.
Nxe4 Nf6 5. Nxf6+ gxf6 6. Nf3 Bg4 7. Be2 Qc7 8. Be3 {letzter Buchzug} 8... Nd7
9. Qd2 e5 (9... Rg8 10. c3 $11) 10. O-O-O Rd8 11. Nh4 Be6 12. Kb1 Nb6 13. Qa5
Be7 (13... Rd5 14. Qe1 $11 (14. Qxa7 Nc8 15. Qa4 Ra5 16. Qxa5 16... Qxa5 $19))
14. Nf3 (14. dxe5 $5 14... fxe5 15. Nf3 $14 (15. Qxa7 $143 15... Nd5 $15))
14... Rd5 $11 15. Qe1 (15. Qxa7 $4 15... Nc8 16. Qa4 Ra5 17. Qxa5 17... Qxa5
$19) 15... O-O (15... Rg8 16. g3 $11) 16. h3 Rfd8 17. g4 R5d7 (17... c5 18.
dxe5 Rxd1+ 19. Bxd1 fxe5 20. Qc3 $11) 18. g5 exd4 19. Nxd4 fxg5 20. Nxe6 fxe6
21. Rxd7 Qxd7 (21... Nxd7 22. Bc4 (22. Bxa7 $143 22... b6 $17) 22... Kh8 23.
Bxe6 $14) 22. Qa5 (22. Rg1 $5 $14 $142) 22... Qd5 $15 23. Qxd5 Rxd5 24. Rg1 Kf7
25. c3 h6 26. Bd4 Bf6 27. Bh5+ Ke7 28. Be3 Ra5 29. Rd1 Nd5 30. Bd2 Rb5 31. Kc2
Rb6 32. Be2 Be5 33. h4 (33. b4 33... Bf4 $15) 33... Bf4 (33... gxh4 $5 $142 34.
Bxh6 34... c5 $17) 34. hxg5 $15 34... hxg5 35. Bg4 Bxd2 36. Rxd2 c5 37. Rd1 Rd6
38. Rh1 Nf6 39. Bf3 Rd7 40. Rg1 g4 (40... Nh7 41. Be4 Kf6 42. Rd1 $15) 41. Bxg4
$11 41... Nxg4 42. Rxg4 Kf6 43. a3 Kf5 44. f3 b5 45. a4 a6 46. Rh4 Rg7 47. axb5
axb5 48. Kd3 Rg2 49. b3 Rb2 50. b4 cxb4 51. cxb4 Rb3+ 52. Ke2 e5 53. Kf2 Ke6
54. Ke2 Kd5 55. Kf2 Rc3 56. Rg4 Rc4 57. Ke3 Rc3+ 58. Ke2 Rc2+ 59. Kd3 Rb2 60.
Ke3 Rb3+ 61. Ke2 Rb2+ 62. Kd3 Rb3+ 63. Ke2 Rb2+ 1/2-1/2

[Event "Bad Woerishofen op"]
[Site "Bad Woerishofen"]
[Date "2001.??.??"]
[Round "6"]
[White "Bonani, Georg"]
[Black "Heyl, Thomas"]
[Result "0-1"]
[WhiteElo "1794"]
[BlackElo "2053"]
[Annotator "ChessOrg"]
[PlyCount "98"]
[EventDate "1998.03.05"]
[Source "ChessBase"]
[SourceDate "1998.04.29"]

1. e4 {B01: Skandinavische Verteidigung} 1... d5 2. exd5 Qxd5 3. Nc3 Qa5 4. d4
c6 5. Nf3 Nf6 6. Bc4 Bf5 7. Bd2 e6 8. Qe2 Bb4 9. O-O-O Nbd7 10. Nh4 10... O-O {
letzter Buchzug} 11. Nxf5 Qxf5 12. f3 Nd5 13. Bd3 Nxc3 14. bxc3 (14. Bxc3 $5
14... Qg5+ 15. Bd2 Bxd2+ 16. Rxd2 $11) 14... Ba3+ $15 15. Kb1 Qa5 16. Ka1 Nf6
17. Rb1 Qc7 18. g4 Bd6 19. h4 e5 20. h5 Rae8 21. Qg2 Nd5 22. Be4 Nf4 23. Qf1 b6
(23... exd4 24. cxd4 Re6 25. g5 $11) 24. g5 (24. Bxf4 exf4 25. g5 25... Re6 $14
) 24... c5 (24... exd4 25. g6 h6 26. gxf7+ Qxf7 27. Bxf4 Qxf4 28. Qc4+ Kh8 29.
cxd4 $17) 25. d5 (25. Bxf4 exf4 26. Qd3 26... Kh8 $14) 25... f5 $11 26. gxf6
Rxf6 27. Qb5 Ref8 28. Rbg1 Kh8 29. Qf1 c4 30. h6 g6 31. Rg4 b5 (31... Qc5 32.
Bxf4 exf4 33. Rg5 $17) 32. Rhg1 (32. Qb1 32... Qa5 $15) 32... Rg8 (32... Bc5
33. Bxf4 exf4 34. Rh1 $19) 33. Rg5 (33. Qb1 $5 $15) 33... Qa5 34. Rh1 Bb8 35.
Rh4 $2 (35. Qc1 $5 $17) 35... Ra6 (35... Nxd5 $5 36. Kb2 Rd8 37. Bxd5 Rxd5 38.
Rg2 $19) 36. Qb1 Bd6 (36... Rd8 $142 37. Qb2 37... Nxd5 $19) 37. Qb2 $4 (37.
Rh1 $17 $142) 37... Ba3 $19 38. Qb1 Bd6 (38... Ne2 39. Bd3 Bc1 40. Rxg6 Rgxg6
41. Bxc1 41... Nxc3 $19) 39. Rh2 (39. Qb2 Rd8 40. Rh1 Nxd5 41. Rb1 $19) 39...
Rb6 40. Bxf4 $2 (40. Rh1 b4 41. Be3 41... Ra6 $19) 40... Qxc3+ (40... exf4 41.
Qe1 Ra6 42. Kb1 $19) 41. Qb2 Qxb2+ 42. Kxb2 exf4 43. c3 a5 44. a3 Re8 45. Rg4
Be5 46. Kc2 b4 47. cxb4 axb4 48. axb4 Rxb4 49. Rgg2 $4 (49. Kd1 $17 $142) 49...
Ra8 $19 (49... Ra8 50. Kd2 Rb2+ 51. Bc2 51... Ra3 $19) 0-1

[Event "Bad Woerishofen op"]
[Site "Bad Woerishofen"]
[Date "2001.??.??"]
[Round "8"]
[White "Bonani, Georg"]
[Black "Klein, Reinhard"]
[Result "1-0"]
[WhiteElo "1794"]
[BlackElo "1602"]
[Annotator "ChessOrg"]
[PlyCount "117"]
[EventDate "1998.03.05"]
[Source "ChessBase"]
[SourceDate "1998.04.29"]

1. e4 {B08: Pirc-Ufimzew-Verteidigung} 1... d6 2. d4 Nf6 3. Nc3 g6 4. Nf3 Bg7
5. Be2 c6 6. O-O O-O 7. Be3 {letzter Buchzug} 7... Ng4 8. Bg5 f6 9. Bf4 e5 10.
Bg3 f5 11. exf5 gxf5 12. dxe5 Nxe5 13. Bf4 Nxf3+ 14. Bxf3 Qa5 (14... d5 $5 $14
$142) 15. Qxd6 $18 15... Rd8 16. Qc7 Qxc7 17. Bxc7 Rd2 18. Rad1 Bxc3 19. bxc3
Rd7 20. Bf4 Na6 21. Rde1 Rd8 (21... Nc7 22. Re2 $16) 22. Re7 $18 22... Nc5 23.
Bh5 23... Be6 $2 (23... Kf8 24. Rfe1 Ne4 25. Rxh7 25... Kg8 $18) 24. Re1 $4 (
24. Be3 $142 24... Rd7 25. Bxc5 Rxe7 26. Bxe7 Bxa2 27. Rd1 $18) 24... Bxa2 $14
25. Bh6 Ne4 26. Rg7+ Kh8 27. Rxb7 Rg8 (27... a5 $5 $16 $142) 28. f3 28... Ng5
$2 (28... Nd6 $142 29. Rd7 Rgd8 30. Rxd8+ 30... Rxd8 $18) 29. Ree7 (29. h4 $5
$142 29... Ne6 30. Bf7 Rg6 31. Bxg6 31... hxg6 $18) 29... Nh3+ 30. Kf1 Bc4+ 31.
Ke1 Rxg2 32. Rxh7+ Kg8 33. Rhg7+ Rxg7 34. Rxg7+ (34. Bxg7 $2 34... Nf4 $19)
34... Kh8 35. Rg3 a5 36. Rxh3 a4 37. Bc1 (37. Be3 $142 37... Kg7 38. Rg3+ Kh7
39. Bg6+ Kg7 40. Bd4+ Kf8 41. Bc5+ (41. Bxf5 $6 41... a3 42. Bc5+ Kf7 43. Bxa3
43... Rxa3 $18) 41... Kg7 42. Bxf5+ Kf6 43. Be4 $18) 37... Ra7 (37... Kg7 38.
Rg3+ 38... Kh8 $18) 38. Bf7+ Kg7 39. Bxc4 a3 40. Ba2 Re7+ 41. Kf2 Re5 (41...
Rd7 42. Rg3+ Kf6 43. Rg8 $18) 42. f4 (42. Bh6+ Kg6 43. Bf8 Rd5 44. Bxd5 cxd5
45. Rh6+ Kf7 46. Bxa3 46... Kg7 $18) 42... Rc5 (42... Re8 43. c4 $18) 43. Bxa3
(43. Be3 $5 $142 43... Rd5 44. Bd4+ Kg6 45. Bxd5 45... cxd5 $18) 43... Ra5 44.
c4 Kf7 (44... Ra8 45. Bb2+ Kg6 46. Bb3 $18) 45. Rh7+ (45. c5+ $142 45... Kf8
46. Be6 46... Ra4 $18) 45... Kg6 46. Rh3 (46. Rc7 $142 46... Rxa3 47. Bb3 $18)
46... Ra8 $4 (46... Kf7 47. c5+ 47... Kf8 $18) 47. Ke2 c5 48. Kd2 Rd8+ (48...
Kf7 49. Rg3 $18) 49. Kc1 Rd4 (49... Ra8 50. Kb2 $18) 50. Rg3+ Kh5 51. Rg5+ Kh4
52. Rxf5 Kg4 53. Rf8 Re4 54. Bxc5 Re1+ (54... Re2 55. Bd6 $18) 55. Kd2 Rh1 56.
Rh8 (56. f5 Rxh2+ 57. Ke3 57... Rh4 $18) 56... Kf3 (56... Ra1 57. Bb3 $18) 57.
f5 Kg2 58. Bd6 (58. Ke2 $5 58... Rc1 59. Bb3 59... Ra1 $18) 58... Kf1 59. f6 (
59. f6 Rg1 60. f7 Rg2+ 61. Kd3 $18) 1-0

[Event "Bad Woerishofen op"]
[Site "Bad Woerishofen"]
[Date "2001.??.??"]
[Round "3"]
[White "Born, Ludger"]
[Black "Schnur, Gerhard"]
[Result "1/2-1/2"]
[WhiteElo "1800"]
[BlackElo "2144"]
[Annotator "ChessOrg"]
[PlyCount "48"]
[EventDate "1998.03.05"]
[Source "ChessBase"]
[SourceDate "1998.04.29"]

1. Nf3 {D37: Damengambit (5.Lf4)} 1... d5 2. d4 e6 3. Bf4 Nf6 4. e3 Be7 5. c4
O-O 6. Nc3 c5 7. dxc5 Bxc5 8. a3 a6 9. Be2 Nc6 10. cxd5 exd5 11. O-O d4 12.
Nxd4 {letzter Buchzug.} 12... Nxd4 13. exd4 Bxd4 14. Bf3 Qb6 15. Na4 Qa7 16.
Qb3 Bd7 17. Nc3 (17. Bxb7 $143 17... Rab8 18. Bxb8 18... Rxb8 $15) 17... Bc6
18. Bxc6 bxc6 19. Ne2 Bb6 20. Rac1 Rfe8 21. Qf3 Rac8 22. Ng3 Nd5 23. Bd2 Qd7
24. Rfe1 Rxe1+ 1/2-1/2

[Event "Bad Woerishofen op"]
[Site "Bad Woerishofen"]
[Date "2001.??.??"]
[Round "5"]
[White "Born, Ludger"]
[Black "Federer, Hans-Joachim"]
[Result "1-0"]
[WhiteElo "1800"]
[BlackElo "2025"]
[Annotator "ChessOrg"]
[PlyCount "103"]
[EventDate "1998.03.05"]
[Source "ChessBase"]
[SourceDate "1998.04.29"]

1. c4 {D56: Damengambit (Moderne Lasker-Verteidigung)} 1... Nf6 2. Nc3 e6 3. d4
d5 4. Bg5 Be7 5. e3 h6 6. Bh4 O-O 7. Nf3 Nbd7 8. cxd5 exd5 9. Bd3 c6 10. Qc2
Re8 11. h3 Ne4 12. Bxe7 {letzter Buchzug} 12... Qxe7 13. O-O b6 14. Rfc1 Bb7
15. Rab1 Rac8 16. b4 Qe6 17. Rb2 Kh8 18. Qe2 Rc7 19. Nb5 (19. Rbc2 19... Rcc8
$14) 19... Rcc8 $11 20. Nc3 Qd6 21. Bb1 Re6 22. Nxe4 dxe4 23. Nd2 Rce8 24. a4
Qe7 25. a5 Rg6 (25... Nf6 $5 $14 $142) 26. Bxe4 $18 26... Rd6 27. Qc4 (27. b5
$5 27... Nb8 28. a6 $18) 27... Nf6 $16 28. Bf3 Nd5 29. Nf1 Rf6 (29... Qg5 30.
a6 Bc8 31. Nd2 $16) 30. Bxd5 $18 30... cxd5 31. Qc7 Re6 32. Qxe7 R8xe7 33. Rbc2
Ba6 34. Rc7 (34. g4 34... Kh7 $16) 34... bxa5 (34... Bc4 35. Rc8+ Re8 36. Rxe8+
Rxe8 37. Nd2 $16) 35. bxa5 Bc4 36. Rc8+ Kh7 37. Nd2 Bd3 38. R8c7 (38. Rd8 Rb7
39. Rxd5 39... Rb2 $18) 38... Kg6 39. R1c5 Rxc7 40. Rxc7 a6 41. Nb3 Bb5 42. Nc5
Rd6 43. Rb7 Kf6 (43... h5 44. h4 $18) 44. e4 Rd8 45. e5+ Kg6 46. f4 h5 47. g3
Bc4 48. Kf2 Rf8 49. Kf3 Bf1 50. h4 (50. g4 Bxh3 51. Rb6+ f6 52. gxh5+ 52...
Kxh5 $18) 50... Bc4 (50... Rc8 51. f5+ $1 51... Kxf5 52. Rxf7+ Kg6 53. Rb7 $18)
51. Rb6+ Kf5 (51... f6 52. exf6 (52. Nxa6 $6 52... Ra8 $16) 52... gxf6 53. Nd7
$18) 52. Nb7 (52. Nb7 Bd3 53. Nd6+ Kg6 54. Rb7 $18) 1-0